NFL Top 10 Passing Touchdowns 1980s - Statistics

General Stats
  • This quiz has been taken 26 times
  • The average score is 89 of 104
Answer Stats
Year Player Team % Correct
1985: 3 Chargers Dan Fouts
100%
1984: 9 Chargers Dan Fouts
100%
1982: 2 Chargers Dan Fouts
100%
1981: 1 Chargers Dan Fouts
100%
1980: 2 Chargers Dan Fouts
100%
1989: 6 Dolphins Dan Marino
100%
1988: 2 Dolphins Dan Marino
100%
1987: 2 Dolphins Dan Marino
100%
1986: 1 Dolphins Dan Marino
100%
1985: 1 Dolphins Dan Marino
100%
1984: 1 Dolphins Dan Marino
100%
1989: 5 Bills Jim Kelly
100%
1987: 9 Bills Jim Kelly
100%
1986: 6 Bills Jim Kelly
100%
1987: 8 Broncos John Elway
100%
1986: 9 Broncos John Elway
100%
1985: 7 Broncos John Elway
100%
1988: 5 Giants Phil Simms
100%
1987: 10 Giants Phil Simms
100%
1986: 7 Giants Phil Simms
100%
1985: 8 Giants Phil Simms
100%
1984: 8 Giants Phil Simms
100%
1989: 2 Bengals Boomer Esiason
95%
1988: 3 Bengals Boomer Esiason
95%
1986: 3 Bengals Boomer Esiason
95%
1985: 5 Bengals Boomer Esiason
95%
1985: 9 Cowboys Danny White
95%
1983: 2 Cowboys Danny White
95%
1982: 4 Cowboys Danny White
95%
1981: 8 Cowboys Danny White
95%
1980: 5 Cowboys Danny White
95%
1980: 10 Buccaneers Doug Williams
95%
1989: 4 49ers Joe Montana
95%
1988: 8 49ers Joe Montana
95%
1987: 1 49ers Joe Montana
95%
1985: 2 49ers Joe Montana
95%
1984: 3 49ers Joe Montana
95%
1983: 4 49ers Joe Montana
95%
1982: 1 49ers Joe Montana
95%
1989: 7 Oilers Warren Moon
95%
1987: 7 Oilers Warren Moon
95%
1983: 5 Browns Brian Sipe
91%
1980: 3 Browns Brian Sipe
91%
1980: 9 Colts Brian Sipe
91%
1989: 1 Rams Jim Everett
91%
1988: 1 Rams Jim Everett
91%
1984: 6 Redskins Joe Theismann
91%
1983: 3 Redskins Joe Theismann
91%
1982: 8 Redskins Joe Theismann
91%
1982: 9 Bengals Ken Anderson
91%
1981: 3 Bengals Ken Anderson
91%
1989: 8 Redskins Mark Rypien
91%
1988: 10 Redskins Mark Rypien
91%
1988: 6 Cardinals Neil Lomax
91%
1987: 3 Cardinals Neil Lomax
91%
1984: 4 Cardinals Neil Lomax
91%
1983: 8 Cardinals Neil Lomax
91%
1989: 9 Eagles Randall Cunningham
91%
1988: 4 Eagles Randall Cunningham
91%
1987: 5 Eagles Randall Cunningham
91%
1989: 10 Seahawks Dave Krieg
86%
1988: 9 Seahawks Dave Krieg
86%
1987: 4 Seahawks Dave Krieg
86%
1986: 8 Seahawks Dave Krieg
86%
1985: 4 Seahawks Dave Krieg
86%
1984: 2 Seahawks Dave Krieg
86%
1989: 3 Packers Don Majkowski
86%
1980: 8 Saints Archie Manning
82%
1987: 6 Browns Bernie Kosar
82%
1982: 10 Eagles Ron Jaworski
82%
1981: 7 Eagles Ron Jaworski
82%
1980: 6 Eagles Ron Jaworski
82%
1982: 3 Steelers Terry Bradshaw
82%
1981: 9 Steelers Terry Bradshaw
82%
1980: 7 Steelers Terry Bradshaw
82%
1986: 4 Vikings Tommy Kramer
82%
1985: 10 Vikings Tommy Kramer
82%
1982: 5 Vikings Tommy Kramer
82%
1981: 4 Vikings Tommy Kramer
82%
1986: 2 Jets Ken O'Brien
77%
1985: 6 Jets Ken O'Brien
77%
1986: 10 Patriots Tony Eason
77%
1984: 7 Patriots Tony Eason
77%
1983: 9 Rams Vince Ferragamo
73%
1980: 4 Rams Vince Ferragamo
73%
1983: 7 Chiefs Bill Kenney
68%
1986: 5 Redskins Jay Schroeder
68%
1982: 6 Raiders Jim Plunkett
68%
1983: 6 Bills Joe Ferguson
68%
1981: 6 Bills Joe Ferguson
68%
1980: 10 Bills Joe Ferguson
68%
1984: 10 Buccaneers Steve DeBerg
68%
1981: 10 Broncos Craig Morton
64%
1982: 7 Jets Richard Todd
59%
1981: 5 Jets Richard Todd
59%
1983: 10 Falcons Steve Bartkowski
59%
1981: 2 Falcons Steve Bartkowski
59%
1980: 1 Falcons Steve Bartkowski
59%
1988: 7 Saints Bobby Hebert
55%
1984: 5 Packers Lynn Dickey
55%
1983: 1 Packers Lynn Dickey
55%
1982: 10 Packers Lynn Dickey
55%
1981: 10 Browns Bert Jones
27%
1985: 10 Buccaneers Steve DeBerg
0%
No matching quizzes found
Score Distribution
Percent of People with Each Score
Percentile by Number Answered
Your Score History
You have not taken this quiz